000 00830nam a22002417a 4500
999 _c13827
_d13827
003 AR-CdUCM
008 190416b ||||| |||| 00| 0 spa d
040 _aMUNICIPALIDAD PROVINCIAL DEL CUSCO
_cBIBLIOTECA MUNICIPAL DEL CUSCO
041 _hgre
082 _a882.2 /
_bSO65
100 _aSófocles
_927435
245 _aDramas y tragedias /
260 _aBarcelona :
_bIberia,
_c1962.
300 _a328 páginas ;
_c18.5 cm.
440 _aObras Maestras.
_913716
505 _aContenido: Edipo Rey -- Edipo en Colona -- Antígona -- Electra -- Las Traquinias -- Filóctectes -- Ayax.
650 _aTeatro griego (Tragedia)
_922260
650 _aAdaptaciones
_91309
650 _aLiteratura Griega
_919082
700 _aBlánquez, Agustín (traducción prólogo)
_932386
942 _2ddc
_cLIBROS
945 _aachl
_d2019-04-16